Del derecho alimentario familiar en la filiación

সংরক্ষণ করুন:
গ্রন্থ-পঞ্জীর বিবরন
প্রধান লেখক: Schmidt Hott, Claudia Y (Author)
বিন্যাস: গ্রন্থ
ভাষা:স্প্যানিশ
প্রকাশিত: Santiago PuntoLex 2008
বিষয়গুলি:
ট্যাগগুলো: ট্যাগ যুক্ত করুন
কোনো ট্যাগ নেই, প্রথমজন হিসাবে ট্যাগ করুন!

MARC

LEADER 00000nam a2200000 a 4500
001 UCI8165
003 CL-VaPUC
008 080807e20080000CL |||||||||||||||||spa|d
020 |a 9789568541408 
082 0 4 |a 346.83015  |b SCH  |2 21 
100 0 |a Schmidt Hott, Claudia Y  |e author  |9 531633 
245 1 0 |a Del derecho alimentario familiar en la filiación 
300 |a 181 p 
942 |c BK 
945 |d 20080807 00:00:00  |a jtorresc 
260 |a Santiago  |b PuntoLex  |c 2008 
650 0 |a Derecho constitucional   |9 222588 
650 0 |a Derecho de familia  |9 255603 
650 0 |a Derecho de alimentos   |9 258635 
650 0 |a Derechos civiles  |9 255655 
650 7 |a PENSION ALIMENTICIA  |2 CL-VaPUC  |9 402961 
650 0 |a Tratados internacionales   |9 256056 
583 |a last modification  |c 20080807 00:00:00  |k Rodrigo Vera 
999 |c 331187  |d 331185 
952 |0 0  |1 0  |4 0  |6 346_830150000000000_SCH_2008  |7 0  |8 A  |9 417408  |a BIBDER  |b BIBDER  |d 2019-11-22  |i 4470931  |l 1  |o 346.83015 SCH 2008  |p 4470931  |r 2023-04-24  |s 2023-04-21  |w 2019-11-22  |y BK  |k DER